|
|
|
|
| LEADER |
01489nam a2200301 a 4500 |
| 001 |
GR-Patra30717 |
| 008 |
070503s2008 gr g 000 0 gre d |
| 020 |
|
|
|a 9789603440642
|
| 040 |
|
|
|a GrPaTEI
|b gre
|c GR-PaULI
|
| 040 |
|
|
|a GrPaTEI
|b gre
|c GR-PaULI
|
| 082 |
|
0 |
|a 158.3
|2 21
|
| 100 |
1 |
|
|a Ivey, Allen E.
|
| 245 |
1 |
0 |
|a Συμβουλευτική :
|b βασικές δεξιότητες επιρροής /
|c Allen E. Ivey and Norma B. Gluckstern ; Μετάφραση-επιμέλεια: Μ. Μαλικιώση-Λοΐζου.
|
| 250 |
|
|
|a 8η έκδ.
|
| 260 |
|
|
|a Αθήνα :
|b Ελληνικά Γράμματα,
|c 2008,
|c 2010
|
| 300 |
|
|
|a 253 σ.
|
| 500 |
|
|
|a Σύστημα "ΕΥΔΟΞΟΣ": αρ. εισ. 52827
|
| 500 |
|
|
|a Τίτλος πρωτοτύπου: Basic influencing skills
|
| 610 |
|
4 |
|a Σύστημα ΕΥΔΟΞΟΣ
|
| 650 |
|
4 |
|a Συμβουλευτική
|
| 700 |
1 |
|
|a Gluckstern, Norman B.
|
| 700 |
1 |
|
|a Μαλικιώση-Λοίζου, Μ.
|
| 710 |
0 |
|
|a Ελληνικά Γράμματα
|
| 942 |
|
|
|2 ddc
|
| 952 |
|
|
|0 0
|1 0
|2 ddc
|4 0
|6 158_300000000000000_IVE
|7 0
|9 312678
|a LISK
|b LISK
|c BSC
|d 2021-01-17
|e 24
|f 0
|g 0.00
|l 0
|o 158.3 IVE
|p 92410048578
|r 2021-01-17 00:00:00
|t 1
|w 2021-01-17
|y BK15
|x 20120113 0 1
|x GrPaTEI
|
| 952 |
|
|
|0 0
|1 0
|2 ddc
|4 0
|6 158_300000000000000_IVE
|7 0
|9 312679
|a LISK
|b LISK
|c BSC
|d 2021-01-17
|e 24
|f 0
|g 0.00
|l 0
|o 158.3 IVE
|p 92410048579
|r 2021-01-17 00:00:00
|t 1
|w 2021-01-17
|y BK15
|x 20120113 0 1
|x GrPaTEI
|
| 971 |
|
|
|a .b26782893
|b 16-04-20
|c 26-09-16
|
| 999 |
|
|
|c 179193
|d 179193
|